000 00258nam a22001097a 4500
008 170116b xxu||||| |||| 00| 0 eng d
020 _a9781256562474
041 _aeng
080 _a618.2
245 _aPEARSON CUSTOM FOR NURSING
_cRAMONT, R.P
942 _2udc
_cBK
999 _c2921
_d2921